000
00300nam a22001457a 4500
003
SGT
082
_a
612.015
_b
B17S
100
_a
SATYANARAYANA, U.
245
_a
BIOCHEMISTRY
250
_a
5TH
260
_a
INDIA
_b
ELSEVIER
_c
2017
300
_a
777
650
_a
BIOCHEMISTRY
942
_2
ddc
_c
BK
_0
398
999
_c
14143
_d
14143